Statistiche per Elenca la formazione - Quiz n°209

Clicka qui per fare il quiz!

Statistiche generali

  • Questo quiz è stato fatto 17 volte
  • Il punteggio medio è 7 su 11

Statistiche sulle risposte

RuoloNazioneCalciatore% Corretto
PortiereItaliaChristian Abbiati
100%
CentrocampistaPaesi BassiNigel de Jong
94%
DifensoreFranciaPhilippe Mexès
81%
AttaccanteItaliaMario Balotelli
75%
TrequartistaMaroccoAdel Taarabt
69%
DifensoreItaliaMattia De Sciglio
56%
CentrocampistaItaliaRiccardo Montolivo
56%
DifensoreFranciaAdil Rami
50%
AttaccanteBrasileKakà
38%
CentrocampistaItaliaAndrea Poli
25%
DifensoreGuineaKévin Constant
25%

Distribuzione punteggi

Percentile per numero di risposta

Percentuale di utenti per punteggio

I tuoi punteggi nel tempo

Non hai fatto questo quiz